Factors determining inflow of foreign capital into Central and East European countries including tax system

Prílev zahraničného kapitálu do krajín SVE. Atraktívnosť jednotlivých krajín. Analýza regionálnych štruktúr.

Guardado en:
Detalles Bibliográficos
Autor principal: Czech, Katarzyna
Formato: Capítulo de libro
Lenguaje:inglés
Materias:
Etiquetas: Agregar Etiqueta
Sin Etiquetas, Sea el primero en etiquetar este registro!

MARC

LEADER 00000naa$a2200000$$$4500
001 0005492
005 20221128113947.5
041 0 |a eng 
044 |a SK 
245 1 0 |a Factors determining inflow of foreign capital into Central and East European countries including tax system  |c aut. Katarzyna Czech 
520 |a Prílev zahraničného kapitálu do krajín SVE. Atraktívnosť jednotlivých krajín. Analýza regionálnych štruktúr. 
610 2 0 |a SVE 
610 2 0 |a kapitál zahraničný 
610 2 0 |a investície zahraničné 
610 2 0 |a systémy daňové 
100 1 |a Czech, Katarzyna